[Event "European Corporate 2nd"]
[Site "Minsk"]
[Date "2019.08.31"]
[Round "5.6"]
[White "Jonkman, Harmen"]
[Black "Varin, Ilja"]
[Result "1-0"]
[WhiteElo "2394"]
[BlackElo "2000"]
[PlyCount "80"]
[EventDate "2019.08.30"]
[EventType "team-swiss"]
[EventRounds "9"]
[EventCountry "BLR"]
[SourceTitle "EXT 2020"]
[Source "ChessBase"]
[SourceDate "2019.10.17"]
[SourceVersion "1"]
[SourceVersionDate "2019.10.17"]
[SourceQuality "1"]
[WhiteTeam "DSE"]
[BlackTeam "Kaspersky"]
[WhiteTeamCountry "NED"]
[BlackTeamCountry "FRA"]

1. e4 e5 2. Bc4 Bc5 3. Nf3 Nf6 4. d3 Nc6 5. h3 d6 6. a4 Be6 7. Nbd2 0-0 8. 0-0 a5 9. c3 d5 10. Bb5 Bd6 11. Re1 Na7 12. exd5 Bxd5 13. Nxe5 Nxb5 14. axb5 Nd7 15. Nec4 Nc5 16. Nxd6 Qxd6 17. d4 Nd3 18. Ne4 Bxe4 19. Rxe4 Nxc1 20. Qxc1 b6 21. Qe3 Rad8 22. Re5 h6 23. Re1 Qf6 24. Qe4 Qd6 25. Re3 Qf6 26. Re7 Qd6 27. Qf5 a4 28. g3 Ra8 29. Rd7 Qg6 30. Qxg6 fxg6 31. Ree7 Rf6 32. Rxg7+ Kh8 33. Rh7+ Kg8 34. Rdg7+ Kf8 35. Rxc7 Kg8 36. Rcg7+ Kf8 37. Ra7 Rxa7 38. Rxa7 Rf5 39. c4 Rf3 40. Rxa4 Rb3 1-0

[Event "European Corporate 2nd"]
[Site "Minsk"]
[Date "2019.08.31"]
[Round "7.7"]
[White "Makhianov, Vadim"]
[Black "Varin, Ilja"]
[Result "1-0"]
[WhiteElo "2224"]
[BlackElo "2000"]
[PlyCount "51"]
[EventDate "2019.08.30"]
[EventType "team-swiss"]
[EventRounds "9"]
[EventCountry "BLR"]
[SourceTitle "EXT 2020"]
[Source "ChessBase"]
[SourceDate "2019.10.17"]
[SourceVersion "1"]
[SourceVersionDate "2019.10.17"]
[SourceQuality "1"]
[WhiteTeam "Gazprom"]
[BlackTeam "Kaspersky"]
[WhiteTeamCountry "RUS"]
[BlackTeamCountry "FRA"]

1. d4 Nf6 2. Nc3 d5 3. Bg5 Nbd7 4. f3 c6 5. e4 dxe4 6. fxe4 e5 7. dxe5 Nxe5 8. Qxd8+ Kxd8 9. 0-0-0+ Kc7 10. Nf3 Nfd7 11. Be2 Bb4 12. Nd4 Nc5 13. Ndb5+ cxb5 14. Nd5+ Kb8 15. Nxb4 Bd7 16. Be7 Nxe4 17. Rd4 Re8 18. Nd5 f5 19. Bf3 Nc5 20. Bxc5 Nc6 21. Rd3 b6 22. Bd6+ Kb7 23. Nc7 Rac8 24. Nxe8 Rxe8 25. Bg3 Be6 26. Rd6 1-0

[Event "European Corporate 2nd"]
[Site "Minsk"]
[Date "2019.08.31"]
[Round "8.4"]
[White "Varin, Ilja"]
[Black "Kocheev, Aleksandr"]
[Result "0-1"]
[WhiteElo "2000"]
[BlackElo "2315"]
[PlyCount "70"]
[EventDate "2019.08.30"]
[EventType "team-swiss"]
[EventRounds "9"]
[EventCountry "BLR"]
[SourceTitle "EXT 2020"]
[Source "ChessBase"]
[SourceDate "2019.10.17"]
[SourceVersion "1"]
[SourceVersionDate "2019.10.17"]
[SourceQuality "1"]
[WhiteTeam "Kaspersky"]
[BlackTeam "Belaruskali"]
[WhiteTeamCountry "FRA"]
[BlackTeamCountry "BLR"]

1. d4 d5 2. Bf4 c5 3. e3 Nc6 4. c3 Qb6 5. Qb3 c4 6. Qxb6 axb6 7. Nd2 Nf6 8. e4 b5 9. exd5 Nxd5 10. Bg3 Bf5 11. Be2 e6 12. Ngf3 Be7 13. 0-0 0-0 14. Nh4 Bg6 15. Nxg6 hxg6 16. Nf3 Rfc8 17. a3 f6 18. Rfe1 Kf7 19. Bd1 g5 20. h3 b4 21. Be2 bxc3 22. bxc3 Na5 23. Nd2 Nxc3 24. Bf3 Nd5 25. Ne4 c3 26. Nd6+ Bxd6 27. Bxd6 c2 28. Bxd5 exd5 29. Bb4 Nb3 30. Rac1 Nxc1 31. Rxc1 Rc4 32. Bc5 b6 33. Bxb6 Rb8 34. Ba5 Rb1 35. Bd2 Rxd4 0-1

[Event "RUS-chJ U18"]
[Site "Russia"]
[Date "2000.??.??"]
[Round "?"]
[White "Kadigrob, Alexander V"]
[Black "Varin, Ilja"]
[Result "1-0"]
[WhiteElo "2308"]
[BlackElo "2116"]
[PlyCount "107"]
[EventDate "2000.??.??"]
[EventType "swiss"]
[EventRounds "11"]
[EventCountry "RUS"]
[SourceTitle "EXT 2001"]
[Source "ChessBase"]
[SourceDate "2000.11.22"]
[SourceVersion "1"]
[SourceVersionDate "2000.11.22"]
[SourceQuality "1"]

1. e4 e5 2. Nf3 Nc6 3. Bb5 a6 4. Ba4 Nf6 5. 0-0 Be7 6. Re1 b5 7. Bb3 d6 8. c3 0-0 9. h3 Na5 10. Bc2 c5 11. d4 Qc7 12. Nbd2 cxd4 13. cxd4 Nc6 14. d5 Nb4 15. Bb1 a5 16. Nf1 Bd7 17. a3 Na6 18. Bg5 Nc5 19. b3 a4 20. b4 Nb3 21. Ra2 Rfc8 22. Bc2 Nd4 23. Nxd4 exd4 24. Bd2 Qc4 25. Qb1 h6 26. Rb2 Nh7 27. Ng3 Qc7 28. Bd3 Nf8 29. Rc2 Qb7 30. Rec1 Ng6 31. f4 Bf6 32. Rxc8+ Rxc8 33. Rxc8+ Qxc8 34. Qc1 Qb7 35. Qd1 Qc8 36. Qc1 Qd8 37. Qf1 Qb6 38. Ne2 Bh4 39. g3 Bd8 40. Bc1 f5 41. Bb2 Bf6 42. Qf2 fxe4 43. Bxe4 Ne7 44. Bxd4 Bxd4 45. Qxd4 Qc7 46. g4 Nc8 47. Bd3 Qb6 48. Qxb6 Nxb6 49. Nc3 Kf7 50. Kf2 Kf6 51. Kf3 g5 52. fxg5+ Kxg5 53. Kg3 h5 54. h4+ 1-0